[Event "AUTO-OPEN-4034"]
[Site "http://www.queenalice.com/game.php?id=1563528"]
[Date "2019.3.7"]
[Round "1"]
[White "vindaloo"]
[Black "BOY2020"]
[Result "1-0"]
[WhiteElo "1828"]
[BlackElo "1932"]

1. e4 e5 2. Nf3 Nc6 3. d4 exd4 4. Nxd4 Bc5 5. Be3 Qf6 6. c3 Nge7 7. Be2 Qg6 8.
O-O Qxe4 9. Bf3 Qg6 10. b4 Bxd4 11. Bxd4 O-O 12. Re1 Nf5 13. Be4 d6 14. Kh1
Ncxd4 15. cxd4 Qg5 16. Nc3 c6 17. Bf3 Nh4 18. Ne4 Qg6 19. Qb3 d5 20. Ng3 Nxf3
21. Qxf3 Bg4 22. Qe3 f6 23. Qd2 f5 24. f3 Bh5 25. Nxh5 Qxh5 26. Re5 Qh6 27. Qxh6
gxh6 28. Rae1 Kg7 29. Re7+ Rf7 30. h4 h5 31. g3 Kf8 32. R7e5 b6 33. a3 a5 34.
Re6 Rc8 35. Kg2 axb4 36. axb4 b5 37. Kf2 f4 38. g4 hxg4 39. fxg4 Kg7 40. R1e5 h6
41. h5 f3 42. Rg6+ Kf8 43. Rxh6 Kg8 44. Rg5+ Rg7 45. Rxg7+ Kxg7 46. Rg6+ Kh7 47.
Kxf3 c5 48. dxc5 Rd8 49. Rd6 Rxd6 50. cxd6 1-0

[Event "AUTO-OPEN-4034"]
[Site "http://www.queenalice.com/game.php?id=1563529"]
[Date "2019.3.7"]
[Round "1"]
[White "BOY2020"]
[Black "vindaloo"]
[Result "1-0"]
[WhiteElo "1933"]
[BlackElo "1858"]

1. d4 d5 2. c4 c6 3. Nf3 e6 4. Ne5 f6 5. Nf3 Bb4+ 6. Bd2 Bxd2+ 7. Nbxd2 Ne7 8.
e4 dxe4 9. Nxe4 O-O 10. b4 b6 11. c5 b5 12. Nd6 Na6 13. a3 Bd7 14. Bd3 Nc8 15.
Qc2 Nxd6 16. Bxh7+ Kh8 17. cxd6 f5 18. Bg6 Bc8 19. Ne5 Kg8 20. Qd3 Qxd6 21. Rd1
Nb8 22. Qh3 1-0

[Event "Challenge"]
[Site "http://www.queenalice.com/game.php?id=1563644"]
[Date "2019.3.8"]
[Round "-"]
[White "WLAO"]
[Black "vindaloo"]
[Result "0-1"]
[WhiteElo "1481"]
[BlackElo "1847"]

1. e4 c5 2. e5 d6 3. Nf3 Nc6 4. exd6 Qxd6 5. Be2 Nf6 6. d3 e5 7. Bg5 Be7 8. Qd2
h6 9. Bh4 Bg4 10. O-O Nd4 11. Nxd4 cxd4 12. Bxg4 Nxg4 13. Bxe7 Qxe7 14. h3 Nf6
15. Qa5 O-O 16. Nd2 Rfe8 17. Nf3 Nd7 18. Rae1 f6 19. Nh4 Nb6 20. Ng6 Qd6 21. Qd2
Nd5 22. a3 Kf7 23. Nh4 a5 24. Nf5 Qf8 25. c4 Ne7 26. Nd6+ Kg8 27. Nxe8 Qxe8 28.
Re4 Ng6 29. Rg4 f5 30. Rg3 f4 31. Rg4 Kh7 32. Qe2 b5 33. cxb5 Qxb5 34. h4 Re8
35. h5 Ne7 36. Qe4+ Kg8 37. b4 axb4 38. axb4 Qxb4 39. f3 Qb5 40. Kh2 Qc5 41. Ra1
Qd6 42. Ra8 Rf8 43. Ra5 Rf5 44. Qa8+ Kh7 45. Ra6 Qd7 46. Ra7 Qd6 47. Rb7 g5 48.
Rb8 Kg7 49. Rh8 Rf7 50. Qe8 Qf6 51. g3 fxg3+ 52. Kxg3 Qxf3+ 53. Kh2 Qe2+ 54. Rg2
Qxh5+ 55. Kg1 Qd1+ 56. Kh2 Qf3 57. Qb8 Qf4+ 58. Kh1 g4 59. Qd6 g3 60. Qe6 Ng6
61. Rc8 Nh4 62. Rc6 Qf1+ 63. Rg1 Qf3+ 64. Rg2 Qxg2# 0-1

[Event "AUTO-OPEN-4039"]
[Site "http://www.queenalice.com/game.php?id=1565011"]
[Date "2019.3.21"]
[Round "1"]
[White "Scharlatan"]
[Black "vindaloo"]
[Result "1-0"]
[WhiteElo "2071"]
[BlackElo "1871"]

1. e4 c5 2. Nf3 Nc6 3. d4 cxd4 4. Nxd4 a6 5. Be3 Nf6 6. f3 d6 7. Nc3 g6 8. Qd2
Bg7 9. Bc4 O-O 10. O-O-O b5 11. Nxc6 1-0

[Event "AUTO-OPEN-4039"]
[Site "http://www.queenalice.com/game.php?id=1565012"]
[Date "2019.3.21"]
[Round "1"]
[White "vindaloo"]
[Black "Scharlatan"]
[Result "0-1"]
[WhiteElo "1893"]
[BlackElo "2101"]

1. e4 c5 2. c4 Nc6 3. Nc3 g6 4. d3 Bg7 5. Bd2 Nd4 6. Nf3 d6 7. Nxd4 cxd4 8. Ne2
Nf6 9. Nxd4 O-O 10. Bc3 Qb6 11. Be2 Bd7 12. O-O Rac8 13. Rb1 a5 14. Nf3 Qa6 15.
a3 b5 16. Bxf6 Bxf6 17. cxb5 Qxb5 18. d4 Qc6 19. b4 axb4 20. d5 Qc2 21. Rxb4
Qxd1 22. Bxd1 Bc3 23. Rb7 Rfd8 24. Bb3 Kf8 25. Rb1 f6 26. Kf1 Ra8 27. Ng1 Rxa3
28. Ne2 Bd2 29. f4 Be3 30. g3 Bh3+ 31. Ke1 Rda8 32. Nc3 Ra1 33. Bc2 Bg1 0-1

[Event "AUTO-OPEN-4039"]
[Site "http://www.queenalice.com/game.php?id=1565037"]
[Date "2019.3.21"]
[Round "1"]
[White "josebaron"]
[Black "vindaloo"]
[Result "1-0"]
[WhiteElo "2084"]
[BlackElo "1865"]

1. e4 c5 2. Bc4 Nc6 3. Nf3 h6 4. O-O d6 5. h3 Nf6 6. Nc3 a6 7. a4 Bd7 8. d4 cxd4
9. Nxd4 e6 10. f4 Be7 11. Nxc6 bxc6 12. Qe2 Qc8 13. e5 dxe5 14. fxe5 Nd5 15.
Nxd5 cxd5 16. Bd3 O-O 17. Qg4 Kh8 18. Qh5 Bc5+ 19. Kh1 Qe8 20. Bxh6 1-0

[Event "AUTO-OPEN-4039"]
[Site "http://www.queenalice.com/game.php?id=1565038"]
[Date "2019.3.21"]
[Round "1"]
[White "vindaloo"]
[Black "josebaron"]
[Result "0-1"]
[WhiteElo "1866"]
[BlackElo "2080"]

1. e4 e5 2. Nf3 Nc6 3. d4 exd4 4. Nxd4 d6 5. Bb5 Bd7 6. Nc3 Nf6 7. O-O Be7 8. f4
Nxd4 9. Bxd7+ Nxd7 10. Qxd4 O-O 11. Nd5 c5 12. Nxe7+ Qxe7 13. Qd3 Nf6 14. Re1
Ng4 15. Bd2 Qh4 16. Qg3 Qxg3 17. hxg3 f5 18. e5 dxe5 19. fxe5 Rae8 20. Bf4 Re6
21. Rad1 a5 22. Rd7 b6 23. Rd6 Rfe8 24. Rxe6 Rxe6 25. c3 h6 26. a3 g5 27. Bd2 a4
28. c4 Rxe5 29. Rxe5 Nxe5 30. Bc3 Nxc4 31. Kf2 g4 32. Ke2 Kf7 33. Kd3 b5 34. Ke2
h5 35. Kd3 Ke6 36. Ke2 Kd5 37. Kd3 Nd6 38. Ke3 Ne4 39. Be1 Kc4 0-1

[Event "AUTO-OPEN-4039"]
[Site "http://www.queenalice.com/game.php?id=1565053"]
[Date "2019.3.21"]
[Round "1"]
[White "thbn"]
[Black "vindaloo"]
[Result "1-0"]
[WhiteElo "1699"]
[BlackElo "1858"]

1. d4 d5 2. Nf3 Nc6 3. Nc3 Nf6 4. Bg5 e6 5. e3 Be7 6. Bb5 Bd7 7. O-O h6 8. Bf4
O-O 9. Re1 a6 10. Bd3 Nb4 11. a3 Nxd3 12. Qxd3 c5 13. dxc5 Bxc5 14. Rab1 b5 15.
e4 Qb6 16. Be3 d4 17. Nxd4 Rad8 18. b4 Be7 19. Nf5 Rfe8 20. Bxb6 1-0

[Event "AUTO-OPEN-4039"]
[Site "http://www.queenalice.com/game.php?id=1565054"]
[Date "2019.3.21"]
[Round "1"]
[White "vindaloo"]
[Black "thbn"]
[Result "1-0"]
[WhiteElo "1858"]
[BlackElo "1666"]

1. e4 e5 2. Nf3 Nc6 3. d4 exd4 4. Nxd4 Nxd4 5. Qxd4 b6 6. Nc3 Bb7 7. Be2 Ne7 8.
O-O Nc6 9. Qd1 Bd6 10. Bf3 O-O 11. a3 Qh4 12. g3 Qh3 13. Bg2 Qe6 14. Re1 Rae8
15. f4 f5 16. e5 Bc5+ 17. Kh1 Qh6 18. Nb5 Rc8 19. Qxd7 a5 20. e6 Rfd8 21. Qf7+
Kh8 22. Qxf5 Rf8 23. Qd3 Rcd8 24. Qe2 Rf5 25. h3 Rh5 26. Kh2 Bc8 27. f5 Be3 28.
Bxe3 Rxh3+ 29. Bxh3 Qf6 30. c4 Ne7 31. Nxc7 Rf8 32. Nd5 Qe5 33. Nxe7 Bb7 34. Bf4
Qf6 35. Nd5 Qd8 36. e7 Qe8 37. exf8=Q+ Qxf8 38. Qe8 Bxd5 39. Qxf8+ Bg8 40. Re8
h6 41. Qxg8# 1-0

[Event "AUTO-ADV-4153"]
[Site "http://www.queenalice.com/game.php?id=1565080"]
[Date "2019.3.21"]
[Round "1"]
[White "ymfrancois"]
[Black "vindaloo"]
[Result "1/2-1/2"]
[WhiteElo "2024"]
[BlackElo "1856"]

1. d4 d5 2. Bf4 e6 3. e3 c5 4. dxc5 Bxc5 5. Nf3 Nc6 6. Bb5 Bd7 7. O-O Nf6 8. Bg5
O-O 9. c3 Be7 10. Nbd2 a6 11. Bxc6 bxc6 12. a3 h6 13. Bh4 c5 14. c4 dxc4 15.
Nxc4 Bb5 16. Qxd8 Rfxd8 17. Rfc1 g5 18. Bg3 Ne4 19. Be5 g4 20. Ne1 Nd2 21. Nxd2
Rxd2 22. Bc3 Rd7 23. f3 h5 24. fxg4 hxg4 25. Rd1 Rad8 26. Rxd7 Rxd7 27. Nc2 f5
28. Kf2 Kf7 29. h3 Bh4+ 30. g3 Bg5 31. h4 Bh6 32. Ne1 Rd5 33. Ng2 e5 34. Re1 Ke6
35. e4 fxe4 36. Rxe4 Bc1 37. Rxg4 Bxb2 38. Bxb2 Rd2+ 39. Kg1 Rxb2 40. Rg6+ Kf7
41. Rg5 Re2 42. Kf1 Re3+ 43. Kg1 Rxa3 44. Rxe5 c4 45. Rf5+ Kg6 46. g4 c3 47.
Nf4+ Kg7 48. Rg5+ Kf7 49. Rf5+ Kg8 50. Rc5 Ra1+ 51. Kf2 Ra2+ 52. Ke3 c2 53. Kd2
Kf7 54. Nd3 Ra3 55. Nb4 Rh3 56. Rf5+ Kg7 57. h5 Ba4 58. Rc5 Rg3 59. Nxc2 Rxg4
60. Ne3 Rg1 61. Nf5+ Kf6 62. h6 Rh1 63. Nd4 Rxh6 64. Ra5 Bb5 65. Nxb5 axb5 66.
Rxb5 Rh3 67. Rb6+ Ke5 68. Kc2 1/2-1/2

[Event "AUTO-ADV-4153"]
[Site "http://www.queenalice.com/game.php?id=1565081"]
[Date "2019.3.21"]
[Round "1"]
[White "vindaloo"]
[Black "ymfrancois"]
[Result "0-1"]
[WhiteElo "1871"]
[BlackElo "2017"]

1. e4 c5 2. Nf3 d5 3. exd5 Qxd5 4. Nc3 Qd8 5. Bb5+ Bd7 6. Bxd7+ Nxd7 7. O-O e6
8. d3 a6 9. a3 Nb6 10. Be3 Nd5 11. Nxd5 Qxd5 12. c4 Qd8 13. Qc2 Be7 14. Rfd1 Nf6
15. d4 cxd4 16. Bxd4 Qc8 17. Ne5 O-O 18. b4 Qc7 19. c5 Nd5 20. Qd2 Bf6 21. f4 h6
22. Rac1 Bxe5 23. Bxe5 Qc6 24. Qb2 f6 25. Bd4 Nxf4 26. Rd2 Nd5 27. Rcd1 Kh8 28.
Qb3 b6 29. cxb6 Nxb6 30. Bf2 Nd5 31. Bc5 Rfe8 32. Rc2 Qb7 33. Rdc1 Nf4 34. Qg3
Nd5 35. Bf2 Rac8 36. Bc5 e5 37. Qf3 Qa8 38. Rd1 Nf4 39. Qxa8 Rxa8 40. Rd7 e4 41.
Be3 Nd3 42. Rcc7 Rg8 43. Bd4 Rgd8 44. Rxd8+ Rxd8 45. Be3 Nb2 46. Rc2 Rd1+ 47.
Kf2 Nd3+ 48. Kg3 Ra1 49. Bc5 Rxa3 50. Kh4 Ra4 51. Bf8 Ne5 52. Kg3 Ng6 53. Bd6
Ra3+ 54. Kf2 Rd3 55. Bc5 Ne5 56. h3 Nd7 57. Be3 Rb3 58. Rc7 Rb2+ 59. Kg3 Ne5 60.
Rc8+ Kh7 61. Rb8 Nc6 62. Rb6 Ne5 63. Rxa6 Rxb4 64. Ra2 Nd3 65. Kh2 f5 66. g3
Rb2+ 67. Rxb2 Nxb2 68. g4 g6 69. gxf5 gxf5 70. Kg3 h5 71. h4 Nd3 72. Bg5 Kg6 73.
Be3 Kf6 74. Bd4+ Ke6 75. Bc3 f4+ 76. Kg2 f3+ 77. Kf1 e3 0-1

[Event "AUTO-ADV-4153"]
[Site "http://www.queenalice.com/game.php?id=1565096"]
[Date "2019.3.21"]
[Round "1"]
[White "RJGF"]
[Black "vindaloo"]
[Result "1-0"]
[WhiteElo "1924"]
[BlackElo "1878"]

1. e4 c5 2. Nf3 Nc6 3. Nc3 d6 4. Bb5 Nf6 5. Bxc6+ bxc6 6. d3 g6 7. O-O Bg7 8.
Be3 O-O 9. Qd2 Ba6 10. e5 Nd5 11. Nxd5 cxd5 12. exd6 Qxd6 13. Bh6 e5 14. Bxg7
Kxg7 15. Rad1 f5 16. Rfe1 Rae8 17. c3 e4 18. dxe4 fxe4 19. Ng5 Bb7 20. Nxe4 Qc6
21. Ng3 d4 22. f3 Rxe1+ 23. Rxe1 dxc3 24. Re7+ Rf7 25. Qxc3+ Kf8 26. Re3 Kg8 27.
Ne4 Bc8 28. Ng5 Rf8 29. Re7 h6 30. Qg7# 1-0

[Event "AUTO-ADV-4153"]
[Site "http://www.queenalice.com/game.php?id=1565097"]
[Date "2019.3.21"]
[Round "1"]
[White "vindaloo"]
[Black "RJGF"]
[Result "0-1"]
[WhiteElo "1865"]
[BlackElo "1954"]

1. e4 e5 2. Nf3 Nc6 3. d4 d6 4. dxe5 Bg4 5. exd6 Qxd6 6. Qxd6 Bxd6 7. Be2 Bxf3
8. Bxf3 Nd4 9. Bd1 Nf6 10. f3 O-O 11. O-O Bc5 12. Kh1 Rad8 13. c3 Nc6 14. Bg5
Ne5 15. b4 Be7 16. Bb3 h6 17. Bc1 c5 18. bxc5 Bxc5 19. a4 Nd3 20. g3 Rd7 21. Kg2
Rfd8 22. Ba3 Be3 23. c4 Nc5 24. Bxc5 Bxc5 25. a5 Rd3 26. Bc2 R3d4 27. Bb3 Bb4
28. Ra2 Nd7 29. Rc1 Nc5 30. Ba4 Bxa5 31. Rcc2 Bb6 32. Rc1 Nd3 33. Rf1 Bc5 34.
Bb3 a6 35. Nc3 Nb4 36. Re2 Rd2 37. Rxd2 Rxd2+ 38. Kh3 Rd3 39. Na4 b6 40. Nxc5
bxc5 41. Ba4 Rc3 42. f4 Rxc4 43. e5 Nd3 44. Bc6 Rc2 45. Rb1 c4 46. Be4 Nf2+ 0-1

[Event "AUTO-ADV-4153"]
[Site "http://www.queenalice.com/game.php?id=1565106"]
[Date "2019.3.21"]
[Round "1"]
[White "NickThorp"]
[Black "vindaloo"]
[Result "0-1"]
[WhiteElo "1682"]
[BlackElo "1863"]

1. e4 c5 2. Nf3 Nc6 3. Bb5 d6 4. h3 a6 5. Ba4 b5 6. Bb3 Nf6 7. Bd5 Nxd5 8. exd5
Nb8 9. O-O Bb7 10. d3 Bxd5 11. Nc3 Bb7 12. Bg5 g6 13. Qe2 Qd7 14. Rfe1 e6 15.
Qe3 Bg7 16. Bh6 O-O 17. Bxg7 Kxg7 18. Ng5 Nc6 19. Nxe6+ fxe6 20. Qxe6 Qxe6 21.
Rxe6 Rad8 22. Rae1 Bc8 23. R6e4 d5 24. Re7+ Nxe7 25. Rxe7+ Rf7 26. Re5 Rdf8 27.
f3 Rf5 28. Re7+ R8f7 29. Re2 b4 30. Nd1 d4 31. a3 a5 32. axb4 axb4 33. b3 Rg5
34. Nb2 Bxh3 35. Kh2 Bd7 36. Nc4 Kf6 37. g4 h5 38. gxh5 Rxh5+ 39. Kg3 Re7 40.
Rf2 Re1 41. Kf4 Rf5+ 42. Kg3 Rg1+ 43. Rg2 Rxg2+ 44. Kxg2 Bc6 45. Nd2 g5 46. Kg3
Re5 47. f4 gxf4+ 48. Kf2 Bd5 49. Nf3 Bxf3 50. Kxf3 Kf5 51. Kf2 Kg4 52. Kf1 Kf3
53. Kg1 Re1+ 54. Kh2 Rf1 55. Kh3 Rh1# 0-1

[Event "AUTO-ADV-4153"]
[Site "http://www.queenalice.com/game.php?id=1565107"]
[Date "2019.3.21"]
[Round "1"]
[White "vindaloo"]
[Black "NickThorp"]
[Result "1-0"]
[WhiteElo "1859"]
[BlackElo "1759"]

1. e4 e5 2. Nf3 Nc6 3. d4 exd4 4. Nxd4 Nxd4 5. Qxd4 d6 6. Bc4 Nf6 7. Bg5 Be7 8.
O-O h6 9. Bh4 O-O 10. Nc3 c5 11. Qd1 Bg4 12. f3 Bh5 13. Bg3 a6 14. a4 a5 15. Nb5
b6 16. Nxd6 Bxd6 17. Bxd6 Nxe4 18. Bxf8 Qxf8 19. Be2 Nf6 20. c4 Rd8 21. Qc1 Qd6
22. Rd1 Qe7 23. Rxd8+ Qxd8 24. Qf4 Bg6 25. Rd1 Qe7 26. Bf1 Bc2 27. Rd2 Bxa4 28.
Qb8+ Be8 29. Qxb6 a4 30. Re2 Qd6 31. Qxd6 1-0

[Event "AUTO-OPEN-3949"]
[Site "http://www.queenalice.com/game.php?id=1565405"]
[Date "2019.3.24"]
[Round "2"]
[White "Pin"]
[Black "vindaloo"]
[Result "0-1"]
[WhiteElo "1991"]
[BlackElo "1843"]

1. e4 c5 2. Nf3 d6 3. d4 cxd4 4. Nxd4 Nf6 5. Nc3 a6 6. Bg5 e6 7. f4 Nc6 8. Qd2
Be7 9. O-O-O h6 10. Bh4 e5 11. Nxc6 bxc6 12. fxe5 dxe5 13. Qe3 Qa5 14. Bc4 Ng4
15. Qf3 Nf6 16. Rhf1 Bg4 17. Qg3 Bxd1 18. Rxd1 O-O 19. Rf1 Nh5 20. Qg4 Bxh4 21.
Qxh4 Nf6 22. Qg3 Nd7 23. Nd1 Nb6 24. Bb3 Qb5 25. Rf6 Rad8 26. Qg6 Nc4 27. Bxc4
Qxc4 28. Qg4 Qxa2 29. Nc3 Qa1+ 30. Nb1 Kh8 31. Rxc6 Qa5 32. Nc3 Qa1+ 33. Nb1 Qa4
34. Rc3 Qd4 35. Rd3 Qg1+ 36. Rd1 Rxd1+ 37. Qxd1 Qxg2 38. Qd3 Qxh2 39. Nc3 h5 40.
Nd5 Rd8 41. b3 f5 42. Qxa6 fxe4 43. Qe6 Qg1+ 0-1

[Event "AUTO-OPEN-3949"]
[Site "http://www.queenalice.com/game.php?id=1565406"]
[Date "2019.3.24"]
[Round "2"]
[White "vindaloo"]
[Black "Pin"]
[Result "1/2-1/2"]
[WhiteElo "1853"]
[BlackElo "1972"]

1. e4 c5 2. c4 d6 3. Nc3 Nf6 4. d3 e6 5. Nf3 Be7 6. Be2 Nbd7 7. O-O O-O 8. d4
cxd4 9. Nxd4 a6 10. Nb3 Qc7 11. Be3 b6 12. f4 Bb7 13. Bf3 Qxc4 14. Qd4 Qxd4 15.
Nxd4 Nc5 16. e5 dxe5 17. fxe5 Nfd7 18. Bxb7 Nxb7 19. Nf3 Nbc5 20. Rfd1 Rfd8 21.
a3 h6 22. b4 Nb7 23. Na4 b5 24. Nb2 Nf8 25. Nd3 Rac8 26. Rac1 Rxc1 27. Bxc1 Ng6
28. Nf2 Rxd1+ 29. Nxd1 Bd8 30. Bb2 Bc7 31. Nf2 Nd8 32. Nd3 Nc6 33. Kf2 Kf8 34.
Ke3 Ke7 35. Ke4 Bb6 36. Nc5 Nb8 37. g3 Kd8 38. Bd4 Kc7 39. h4 Ne7 40. g4 Nec6
41. Be3 Ne7 42. h5 Nd5 43. Bd2 Kc6 44. Nd4+ Kc7 45. Ncb3 Nc6 46. Nc5 Bxc5 47.
bxc5 Nxd4 48. Kxd4 Kc6 49. Ba5 Kd7 50. Bd2 Kc6 51. Ba5 Kd7 52. Bd2 Kc6 1/2-1/2

[Event "AUTO-OPEN-3949"]
[Site "http://www.queenalice.com/game.php?id=1565413"]
[Date "2019.3.24"]
[Round "2"]
[White "Fischercat"]
[Black "vindaloo"]
[Result "0-1"]
[WhiteElo "1812"]
[BlackElo "1885"]

1. d4 d5 2. Bf4 c6 3. e3 e6 4. Bd3 Nf6 5. Ne2 c5 6. dxc5 Bxc5 7. O-O Nc6 8. a3
O-O 9. Nbc3 h6 10. Nb5 a6 11. Nbc3 e5 12. Na4 Ba7 13. Bg3 Nh5 14. e4 Nxg3 15.
Nxg3 d4 16. b4 b5 17. Nc5 Bxc5 18. bxc5 Qe7 19. Nf5 Qxc5 20. Qg4 Bxf5 21. exf5
Qd6 22. Qe4 f6 23. Rfc1 Na5 24. a4 b4 25. Rcb1 Nc6 26. Bc4+ Kh8 27. Bd5 Rfc8 28.
a5 Rab8 29. Ra4 Ne7 30. Bf7 Rc3 31. g3 Qc5 32. Rb3 Rxc2 33. Qd3 Rc3 34. Qxa6
Nxf5 35. Qe6 Nd6 36. Qd5 Qxd5 37. Bxd5 Rxb3 38. Bxb3 Ne4 39. a6 Nc3 40. Ra5 Ra8
41. a7 d3 0-1

[Event "AUTO-OPEN-3949"]
[Site "http://www.queenalice.com/game.php?id=1565414"]
[Date "2019.3.24"]
[Round "2"]
[White "vindaloo"]
[Black "Fischercat"]
[Result "1-0"]
[WhiteElo "1891"]
[BlackElo "1835"]

1. e4 e5 2. Nf3 d6 3. Bc4 Bg4 4. Nc3 Nc6 5. h3 Bh5 6. d3 h6 7. a3 Nd4 8. Be3
Nxf3+ 9. gxf3 Qf6 10. Nd5 Qxf3 11. Qxf3 Bxf3 12. Rg1 Rc8 13. Rg3 Bh5 14. f3 c6
15. Nc3 Ne7 16. O-O-O a6 17. d4 Ng6 18. dxe5 Nxe5 19. Be2 b5 20. Na2 Bg6 21. b3
Be7 22. f4 Nd7 23. f5 Bh7 24. Rxg7 Nf6 25. Bf3 Nd7 26. Rdg1 Ne5 27. Be2 Bf6 28.
R7g2 c5 29. Nc3 Nc6 30. Nd5 Bd4 31. Bxd4 cxd4 32. Rg7 Ne7 33. Nf6+ Kd8 34. Nxh7
1-0

[Event "AUTO-OPEN-3949"]
[Site "http://www.queenalice.com/game.php?id=1565419"]
[Date "2019.3.24"]
[Round "2"]
[White "vindaloo"]
[Black "sallesandre88"]
[Result "0-1"]
[WhiteElo "1905"]
[BlackElo "2149"]

1. e4 e5 2. Nf3 Nc6 3. d4 exd4 4. Nxd4 Ne5 5. c4 Bc5 6. Be3 Nf6 7. h3 Nxe4 8. a3
a5 9. Be2 d6 10. O-O O-O 11. b3 Qf6 12. Qc1 Ng6 13. Nf3 Bxe3 0-1

[Event "AUTO-OPEN-3949"]
[Site "http://www.queenalice.com/game.php?id=1565420"]
[Date "2019.3.24"]
[Round "2"]
[White "sallesandre88"]
[Black "vindaloo"]
[Result "1-0"]
[WhiteElo "2154"]
[BlackElo "1899"]

1. e4 c5 2. Nc3 d6 3. Nf3 Nc6 4. Bb5 Nf6 5. d3 g6 6. O-O Bg7 7. e5 dxe5 8. Nxe5
Bd7 9. Nxd7 Qxd7 10. Qf3 a6 11. Bxc6 1-0

[Event "AUTO-ADV-4101"]
[Site "http://www.queenalice.com/game.php?id=1566259"]
[Date "2019.4.1"]
[Round "2"]
[White "Canaye"]
[Black "vindaloo"]
[Result "1/2-1/2"]
[WhiteElo "1850"]
[BlackElo "1872"]

1. d4 d5 2. c4 c6 3. Nc3 e6 4. cxd5 cxd5 5. Nf3 Nc6 6. e3 Nf6 7. Bd3 Be7 8. a3
O-O 9. Qc2 a6 10. b4 b5 11. Ng5 g6 12. h4 Nh5 13. f4 Bxg5 14. hxg5 f5 15. gxf6
Qxf6 16. Rxh5 gxh5 17. Bxh7+ Kg7 18. Bd3 Qh4+ 19. Qf2 Qxf2+ 20. Kxf2 Bd7 21. Bd2
Be8 22. Rh1 Rh8 23. g3 Bg6 24. f5 Bf7 25. Ne2 Ne7 26. fxe6 Bxe6 27. Nf4 Bf7 28.
Be2 Raf8 29. Ke1 Nf5 30. Kf2 h4 31. g4 Ne7 32. Bf3 Ng6 33. Nh3 Ne7 34. Ke2 Ng6
35. Ng5 Bg8 36. e4 dxe4 37. Bxe4 Bc4+ 38. Ke3 Re8 39. Bc3 Rh6 40. d5+ Kg8 41.
Kd4 Nf4 42. Bd2 Ne2+ 43. Kc5 Ng3 44. Re1 Rc8+ 45. Kd4 Nxe4 46. Nxe4 Rh8 47. Nf6+
Kf7 48. Nd7 Rcd8 49. Ne5+ Kg7 50. Nxc4 bxc4 51. Kxc4 Kf7 52. Rh1 h3 53. a4 Kf6
54. b5 axb5+ 55. axb5 Rh4 56. Rf1+ Kg6 57. b6 Rxg4+ 58. Kc5 Kh5 59. b7 Rg7 60.
Kb6 Rb8 61. d6 Rbxb7+ 62. Kc6 Rbf7 63. Rh1 Kg4 64. Bc3 Rh7 65. Rg1+ Kf3 66. Rf1+
Kg2 67. Rxf7 Rxf7 68. Be5 Rf8 69. d7 Rd8 70. Kc7 1/2-1/2

[Event "AUTO-ADV-4101"]
[Site "http://www.queenalice.com/game.php?id=1566260"]
[Date "2019.4.1"]
[Round "2"]
[White "vindaloo"]
[Black "Canaye"]
[Result "1-0"]
[WhiteElo "1863"]
[BlackElo "1829"]

1. e4 e6 2. d4 d5 3. e5 c5 4. Nf3 Nc6 5. c3 cxd4 6. cxd4 Qb6 7. Be2 Bb4+ 8. Nc3
Nge7 9. O-O Nf5 10. Bb5 Bxc3 11. Bxc6+ bxc6 12. bxc3 O-O 13. Rb1 Qd8 14. Ba3 Re8
15. Bc5 Bd7 16. Rb7 a5 17. Qa4 Bc8 18. Rb6 Bd7 19. Nd2 h5 20. Rfb1 h4 21. c4 Qg5
22. Nf3 Qg6 23. cxd5 exd5 24. h3 Ne7 25. Kf1 Qd3+ 26. Kg1 Bxh3 27. Nxh4 Bd7 28.
R6b3 Qe4 29. Nf3 Ng6 30. Re1 Qg4 31. Nh2 Qg5 32. Rg3 Qd8 33. Qc2 Re6 34. Rf1 a4
35. f4 f5 36. Rg5 Nxf4 37. Rxf5 Qh4 38. R5xf4 Qh5 39. Qf2 Ree8 40. g4 Qg6 41.
Qg3 Rab8 42. g5 Be6 43. Nf3 Rb7 44. Nh4 Qc2 45. Rf8+ Rxf8 46. Rxf8+ Kh7 47. g6+
Kh6 48. Rh8# 1-0

[Event "AUTO-ADV-4101"]
[Site "http://www.queenalice.com/game.php?id=1566261"]
[Date "2019.4.1"]
[Round "2"]
[White "Bira47"]
[Black "vindaloo"]
[Result "1-0"]
[WhiteElo "1821"]
[BlackElo "1861"]

1. c4 e5 2. g3 c5 3. Bg2 Nc6 4. a3 d6 5. Nc3 Nge7 6. h3 g6 7. e3 Bg7 8. Nge2 O-O
9. O-O a6 10. f4 exf4 11. Nxf4 Ne5 12. d4 cxd4 13. exd4 Nxc4 14. b3 Na5 15. Be3
Nac6 16. Rc1 Qb6 17. Na4 Qa7 18. Re1 Bxd4 19. Bxd4 Nxd4 20. Kh2 Nec6 21. Nd5 b5
22. Nac3 Be6 23. Ne2 Rad8 24. Nxd4 Nxd4 25. Nf6+ Kh8 26. Qd2 d5 27. Qh6 1-0

[Event "AUTO-ADV-4101"]
[Site "http://www.queenalice.com/game.php?id=1566262"]
[Date "2019.4.1"]
[Round "2"]
[White "vindaloo"]
[Black "Bira47"]
[Result "1-0"]
[WhiteElo "1877"]
[BlackElo "1824"]

1. e4 c5 2. Nf3 e6 3. d4 cxd4 4. Nxd4 a6 5. c4 b6 6. Be2 g6 7. Nc3 Bb7 8. O-O
Bg7 9. f4 Nc6 10. Be3 Nge7 11. Bf3 O-O 12. Nxc6 Bxc6 13. Qd2 f5 14. e5 Bxf3 15.
Rxf3 h5 16. Rd1 Ra7 17. Na4 Rb7 18. b4 b5 19. Nc5 Rc7 20. Nxe6 dxe6 21. Qxd8
Rxd8 22. Rxd8+ Kf7 23. c5 Nd5 24. Bd2 Ke7 25. Ra8 Rc6 26. a3 Nc7 27. Rb8 Nd5 28.
h3 Rc7 29. g4 hxg4 30. hxg4 Kf7 31. gxf5 gxf5 32. Ra8 Rc6 33. Rh3 Kg6 34. Rd8
Ne7 35. Rd6 Kf7 36. Rxc6 Nxc6 37. Rd3 Ke7 38. Rd6 Nb8 39. Rb6 1-0